Závideniahodný

Bibliographic Details
Main Author: Peciar, Štefan, 1912-1989 (Author)
Format: Article
Language:Slovak
Subjects:

MARC

LEADER 00000nab a2200000 a 4500
001 vtls009150727
003 SK-MaSNL
005 20260303191027.0
008 140513c1956 xo |||||| | ||00 b|slo
015 |a SNBRB2007/10  |2 snkbucl 
038 |a SNKBUCL 
040 |a SNKBUCL  |b slo  |c SNKBUCL  |e AACR2 
041 0 |a slo 
044 |a xo  |c SK 
080 |a 811.162.4`367.623  |2 1997 
080 |a 81`367.623:811.162.4  |2 1997 
100 1 |a Peciar, Štefan,  |d 1912-1989  |4 aut  |9 101102 
245 1 0 |a Závideniahodný  |c Š. Peciar 
650 0 7 |a slovenčina  |2 snkbucl  |9 1350 
650 0 7 |a prídavné mená  |2 snkbucl  |9 1324 
650 0 7 |a zložené prídavné mená  |2 snkbucl  |9 13319 
650 0 7 |a väzbové zloženiny  |2 snkbucl  |9 1219994 
773 0 |t Slovenská reč  |g Roč. XXI, č. 6 (1956), s. 387-388 
852 |a SNK  |b KIS3GCP 
999 |c 2139137  |d 2141067